000 00659nam a22001337a 4500
040 _cRUA
082 _aAVM MUT 2018 B649 Or.1
100 _aMUTH SOKHIM មុត សុឃីម
245 _acase of fasiciola on cattle at khonrorng commune, boribur district, kampong chhnang province ករណីជំងឺហ្វាសូឡាលើសត្វគោ នៅឃុំខុសរ៉ងស្រុកបរិបូណ៌ ខេត្តកំពុងឆ្នាំ
260 _aRUA
_bPhnom penh
_c2019
300 _avii;34p
_bill;
_c29cm
856 _uhttps://drive.google.com/file/d/1Mly5i7tN5raLm6UkEWWj4VeFh7gdZ0hy/view?usp=sharing
942 _cAVM
999 _c18319
_d18319